| 000 | 00886nam a22002057a 4500 | ||
|---|---|---|---|
| 003 | OSt | ||
| 005 | 20250919164434.0 | ||
| 008 | 240401b ||||| |||| 00| 0 eng d | ||
| 040 | _c0 | ||
| 082 | _aDPer 621.381 In821 September 2022 v. 37 n. 9 | ||
| 100 |
_aDai, Ruimin. _eauthor. _954987 |
||
| 245 |
_aA pulse density modulation based receiver reactance identification method for wireless power transfer system / _cRuimin Dai, Ruikum Mai, and Wei Zhou. |
||
| 260 |
_aNew York ; _bThe Institute of Electrical and Electronics Engineers, Inc. , _cSeptember 2022. |
||
| 300 |
_aVolume 37, pages 11394-11405 : _billustration ; _c28 cm. |
||
| 500 | _aIEEE Transitions on Power Electronics, v. 37 n. 9, pages 11394-11405, September 2022. | ||
| 700 |
_aDai, Ruimin. _eauthor. _954987 |
||
| 700 |
_aMai, Ruikum. _eauthor. _955689 |
||
| 700 |
_aZhou, Wei. _eauthor. _955690 |
||
| 942 |
_2ddc _cPER |
||
| 999 |
_c19933 _d19933 |
||